Noem de grootste en bekendste steden en plaatsen in Zeeland - Statistieken

Algemene statistieken
  • Deze quiz is 45 keer genomen
  • De gemiddelde score is 12 van 25
Antwoordstatistieken
Antwoord % Correct
Goes
100%
Middelburg
100%
Vlissingen
97%
Terneuzen
94%
Zierikzee
75%
Hulst
64%
Veere
61%
Renesse
58%
Kapelle
56%
Domburg
50%
Yerseke
50%
Tholen
47%
Zoutelande
47%
Breskens
42%
Cadzand
39%
Westkapelle
39%
Bruinisse
25%
Oostburg
25%
Hoek
19%
Heinkenszand
17%
Sas van Gent
17%
Axel
11%
Brouwershaven
11%
Kortgene
8%
Sluiskil
6%
Geen overeenkomende quizzen gevonden
Scoreverdeling
Procent van Mensen met Elke Score
Percentiel versus Aantal Correcte Antwoorden
Uw Scoregeschiedenis
U heeft deze quiz nog niet genomen